000 00432nam a2200157 i 4500
001 bg
100 1 _aSŁUPECKI, Jerzy
245 0 _aLogika matematyczna /
_cJerzy Słupecki, Katarzyna Hałkowska, Krystyna Piróg-Rzepecka.
260 _aWarszawa,
_c1976.
700 1 _aHAŁKOWSKA, Katarzyna
700 1 _aPIRÓG-RZEPECKA, Krystyna
040 _cBPK
041 _apol
942 _cKS
008 s pl f |000 0 pol
999 _c27514
_d27514
856 _uhttp://koha.tu.koszalin.pl/cgi-bin/koha/opac-detail.pl?biblionumber=27514
_yKatalog online BPK